Mythes grecs - Statistiques

Statistiques générales
  • Ce quiz a été pris 64 fois
    3 depuis la dernière actualisation
  • Le résultat moyen est 46 sur 123
Statistiques - réponses
Catégories Indices Réponses % Correct
Roi d'un peuple, il a comme mère Thétis. C'est l'un des nombreux rois qui rassemble ses armées suite à l'appel du roi de Sparte pour attaquer Troie suite à l'enlèvement de sa fille par le Roi d'Ithaque. Achille
100%
Elle prévint le fils du roi troyen que son voyage à Sparte l'amènerait à enlever la belle princesse et causerait ainsi la perte de Troie. Lorsque le fils du roi troyen ramena la princesse à Troie, elle était seule à prédire le malheur, alors que les Troyens étaient subjugués par la beauté de la jeune Grecque. La déesse le fit périr dans un naufrage. Cassandre
100%
Déesse, sœur d'Arès, et déesse de la discorde, qui n'avait pas été admise à participer à un banquet avec les dieux de l'Olympe, et qui se venge. Éris
100%
Très belle princesse grecque. Si belle, en fait, que la plupart des rois grecs veulent l'épouser. Hélène
100%
8. Héraclès élimine son armée et capture ses animaux cannibales. Juments de Diomède
100%
Nom de son épouse. Pénélope
100%
Nom donné à l'un des fruits du Jardin des Hespérides, sur laquelle elle grava l'inscription : « Pour la plus belle », avant de la lancer sur l'Olympe. Trois déesses se disputent pour le titre et le fruit : Héra, déesse du mariage, Athéna, déesse de la guerre, et Aphrodite, déesse de l'amour. Pomme de la discorde
100%
Nom de son fils. Télémaque
100%
Le roi d'Ithaque. Il espère ainsi qu'elle remarquera à quel point il est intelligent et sage, et qu'elle le choisira. Ulysse
100%
> Grecs (attaquants) Roi de Mycènes, frère du roi de Sparte et qui dirige l'armée dépêchée à Troie pour ramener l’épouse enlevée. Agamemnon
67%
Fils de Télamon, roi de Salamine. Il disputa les armes du héros au roi d'Ithaque qui l'emporta. Déçu par cet échec, il se tua. Ajax
67%
Nom de la fille de Minos qui tombe amoureuse du protagoniste. Elle lui donne une pelote de fil afin de lui permettre de retrouver la sortie du labyrinthe en cas de victoire. Ariane
67%
Elle lui prête son bouclier de bronze poli qui servira de miroir au héros. Athéna
67%
12. Il l'affronte à mains nues (imposé par Hadès sans le blesser, ni le tuer). Héraclès bondit sur l’animal, vêtu de sa peau de lion pour ne pas être déchiqueté par les crocs acérés du gardien des Enfers. Il saisit le cou du chien et le serre pour l’étouffer. Cerbère
67%
7. Deux créatures marines du détroit de Messine. L'une est un gouffre sans fond qui engloutit eaux et navires, l'autre est une monstrueuse créature qui déchiquète tout ce qui passe à sa portée. Charybde et Scylla
67%
Le Roi d'Ithaque imagine ce moyen pour prendre la ville par surprise. Cheval de Troie
67%
Héros troyen, né d’un père mortel, Anchise, et de la déesse Vénus. Il est lié à la mythologie grecque pour avoir combattu les Grecs durant la Guerre de Troie. Il est également lié à la mythologie romaine puisqu'il fut le héros d'un récit de Virgile. Énée
67%
Partie du corps mangé par un aigle. Il se régénère chaque nuit et l'aigle le mange à nouveau tous les jours. Foie
67%
Illiade Guerre auquelle se rapporte le récit. Guerre de Troie
67%
Il commande les soldats troyens, c'est le fils aîné du roi de Troie. Hector
67%
Il lui remet des sandales ailées ainsi qu'une faucille d'or pour trancher la gorge de la Gorgone. Hermès
67%
2. Ses têtes repoussent dès qu’on les coupent. Il cautérise la plaie empêchant les chairs de se régénérer. Hydre de Lerne
67%
9. Objet appartenant à la reine des Amazones. La ceinture d'Hippolyte
67%
6. Ces féroces femmes-oiseaux attirent par leurs chants mélodieux, malheur à celui qui s'approche, car il finira dévoré. L'Épreuve des sirènes
67%
12 travaux d'Héraclès 1. Il étrangle et dépouille cet animal de sa peau qu'il utilise comme sa massue. Lion de Némée
67%
L'une des trois Gorgones, la seule à avoir un regard mortel qui changeait les hommes en pierre. Méduse
67%
Elle préfère ce puissant roi de Sparte, grand chef d'armée dont elle est tombée amoureuse. Ménélas
67%
Le roi de Crète qui avait ordonné que tous les neuf ans, on lui livre sept jeunes hommes pour le monstre mi-homme mi-taureau. Minos
67%
Nom de ce monstre, enfermé dans un labyrinthe. Minotaure
67%
Nom de sa fille. Elle retrouve Ulysse échoué. Nausicaa
67%
Autres mythes grecs (II) Fils du roi et de la reine de Thèbes. Œdipe
67%
6. Il bande son arc et commence à abattre les volatiles devenus par leur nombre un fléau pour les habitants de cette région. Oiseaux du lac Stymphale
67%
Zeus en colère contre les hommes, ordonne à Héphaïstos de fabriquer avec de l'argile cette femme. Zeus lui insuffle la vie et lui offre une boîte qui contient tous les maux en lui interdisant de regarder à l’intérieur et l’envoie sur terre. Pandore
67%
Il est choisi pour départager les trois divinités. C'est un jeune et beau berger, fils du roi troyen, qui garde un troupeau sur le mont Ida. Il offre finalement le prix à Aphrodite. Pâris
67%
Ami du précédent, il revêt les armes de ce dernier et retourne au combat. Patrocle
67%
Du sang du monstre jaillit ce cheval ailé avec son frère Chrysaor, guerrier à l'épée d'or, tous deux descendant de Poséidon. Pégase
67%
2. Ulysse souhaite demander l’hospitalité à ce cyclope, fils de Poséidon mais il dévore au fur et à mesure l’équipage d’Ulysse qui se retrouve enfermé dans sa grotte. Polyphème
67%
11. Fruits poussant dans ce fabuleux jardin et réservés uniquement aux immortels. Pommes d'or des Hespérides
67%
> Troyens (défenseurs) Roi de Troie, il est décrit comme un roi très valeureux et très juste et malgré les malheurs que sa venue à Troie apporte à la ville. Priam
67%
Nom du monstre féminin qui lui pose l'énigme : « Qu'est-ce qui marche à quatre pattes le matin, à deux le midi et à trois le soir ? » Sphinx
67%
7. Il maintient l'animal par les cornes et l'épuise pour le ramener sur son bateau à Eurysthée. Taureau de Crète
67%
Autres mythes grecs (III) Fils d'Égée (ou Poséidon selon les versions), roi d'Athènes. Thésée
67%
Filles d'Arès par la Nymphe Harmonia, sont un peuple de femmes guerrières qui vivaient sur les rives de la mer Noire, dans l'actuelle Turquie. Leur nom viendrait du fait qu'elles se coupaient un sein afin de pouvoir mieux manier les lances et les arcs. Amazones
33%
Jeune fille nue attachée à un rocher offerte en sacrifice à un monstre pour apaiser la colère de Poséidon. Fille de Céphée. Andromède
33%
Nom d'une de ses filles qui lui sert de guide en étant aveugle. Antigone
33%
Fille de Idmon de Colophon, maîtresse dans l'art du tissage transformée en araignée par Athéna. Arachné
33%
Il entreprend de faire construire cet fabuleux navire pour mener sa mission. Argo
33%
Noms des cinquante jeunes hommes héroïques qui l'accompagnent. Argonautes
33%
11. Nom de son chien qui le reconnaît immédiatement à son retour malgré son aspect de vieil homme. Argos
33%
Autres mythes grecs (VI) Héroïne grecque éduquée par Artémis après avoir été abandonnée par son père Iasos. Elle refuse le mariage et reste indépendante. Elle court et ne s’arrête jamais, elle est imbattable et ne veut pas se marier. Atalante
33%
3. Ses cornes sont en or et ses sabots en airain. Héraclès l'attrape et lui brise par mégarde une corne. En surgissent Artémis et son jumeau Apollon. Biche de Cérynie
33%
9. Nom de la nymphe amoureuse d'Ulysse et qui va le retenir prisonnier durant sept années. Calypso
33%
Sa mère, reine d'Éthiopie. Cassiopée
33%
Il combat en chevauchant Pégase une créature fantastique malfaisante dont le corps était moitié du lion et pour l'autre moitié de la chèvre, et qui avait la queue d'un serpent. Elle pouvait aussi cracher du feu. Chimère
33%
Centaure, une créature fantastique de la mythologie grecque qui a un arrière-train de cheval et un buste d'homme. Il est adopté par les dieux jumeaux Artémis et Apollon, enfants de Zeus et Léto. Chiron
33%
4. Déesse et magicienne, experte en drogues et poisons propres à opérer des métamorphoses. Les compagnons d'Ulysse sont transformés en pourceaux (porcs). Circé
33%
Autres mythes grecs (IX) Chacune des cinquante filles de Danaos, roi légendaire d'Argos, qui (à l'exception d'Hypermnestre) exécutèrent leurs maris la nuit de leurs noces, sur l'ordre de leur père, et furent condamnées aux Enfers à verser éternellement de l'eau dans un vase sans fond. Danaïdes
33%
Autres mythes grecs (VIII) Architecte et un inventeur astucieux qui aurait été instruit par Athéna elle-même. C'est lui qui construisit le célèbre labyrinthe du Minotaure. Par un coup du sort, il s'y fait enfermer, avec son fils par Minos (roi de Crète). Pour s'échapper, la légende dit qu'il créa des ailes de plumes fixées ensemble grâce à de la cire ; ainsi, lui et son fils s'envolèrent pour rejoindre la Grèce. Dédale
33%
Pour la conquérir, Héraclès doit se mesurer à un rival, Achéloos, le dieu-fleuve, qui se transforme en vain en taureau pour l'affronter. Héraclès le terrasse et lui arrache une de ses cornes. Déjanire
33%
La ville de l'oracle qu'il consulte. Delphes
33%
5. Il creuse deux longs canaux et bloque le cours naturel des fleuves, les eaux furieuses se précisent vers les bâtiments qui brillent comme un sou neuf. Écuries d'Augias
33%
3. Dieu des vents qui héberge Ulysse et ses compagnons pendant un mois, au cours duquel Ulysse raconte ses aventures. Éole
33%
Nom du casque qui permet de se rendre invisible. Hadès
33%
Son épouse, reine de Troie. Hécube
33%
Son père s'en moque et la force à se marier. Elle accepte mais épousera celui qui court plus vite qu’elle et tuera ceux qui n’arriveront pas à la dépasser. Celui-ci jette les pommes d’or devant elle qui se penche pour les ramasser et perd du temps. Le garçon gagne grâce à sa ruse. Hippomène
33%
Son fils, téméraire, s'approcha du Soleil pour l'observer, et la chaleur fit fondre la cire de ses ailes. Il se noya donc dans la mer. Icare
33%
> Autres personnages et événements Fille aînée du Roi de Mycènes et de Clytemnestre. Son père dut la sacrifier à Artémis pour obtenir de la déesse qu'elle fît cesser le calme (ou les vents contraires) qui retenait la flotte des Achéens. Iphigénie
33%
Autres mythes grecs (I) Il va réclamer le trône d'Iolcos. Héra ne cessera de le favoriser, faveur renforcée par le désir de la déesse de se venger de Pélias, fils de Poséidon. Jason
33%
Nom de sa mère et femme avec qui il a quatre enfants. Jocaste
33%
Nom de la corne (arrachée par Zeus) qui confère tout ce qu'on désire. La corne d'abondance
33%
Prêtre qui s'attira la colère du dieu Apollon/Poséidon car il voulait se marier, ce qui était interdit. Il essaya de persuader les Troyens que le cheval était creux et qu'il pouvait contenir quelque chose en envoyant une lance dans le flanc. Les Troyens ne comprirent pas et prirent ce geste comme une insulte. Peu après, deux serpents venus de la mer se rendirent à l'autel où il offrait un sacrifice à Apollon, se jetèrent sur lui et sur ses deux fils et ne les lâchèrent qu'après les avoir déchirés de leurs morsures et les avoir étouffés. Laocoon
33%
Expérience de pensée philosophique concernant la notion d'identité qui porte le nom du précédent ainsi qu'un moyen de transport dont toutes les parties sont remplacées progressivement. Le bateau de Thésée
33%
8. Surnom de l’île de Thrinacie (actuelle Sicile) où vivaient des bœufs sacrés que l’on ne doit pas toucher comme l'avaient précisé le devin et la magicienne. Zeus tenta de tuer les coupables en provoquant une tempête pour les punir. L'île du Soleil
33%
Odyssée 1. Peuple pacifique qui leur offre une délicieuse boisson/plante qui les empêchent de repartir, apathiques, au grand dam d’Ulysse. Leur nom signifie « mangeurs de lotus ». Lotophages
33%
Nom du précepteur de son fils. Mentor
33%
Peuple légendaire qui étaient à l'origine des fourmis vivant dans une île déserte. Dans l'Iliade d'Homère, ils participent à la Guerre de Troie sous le commandement du demi-dieu Achille après avoir été transformés par Zeus. Myrmidons
33%
Un des centaures de la mythologie grecque. Ayant tenté de faire violence à la personne précédente, il fut blessé à mort par Héraclès et se vengea en invitant la personne précédente à utiliser son sang comme philtre d'amour. Elle envoya à Héraclès une tunique trempée dans le sang du centaure. Nessos
33%
Nom de la femme de Minos qui met au monde le monstre précédent avec le fils du taureau sacré de Poséidon. Pasiphaé
33%
5. Épisode lors duquel Ulysse reconnaît sa propre mère et de quelques héros de la guerre de Troie. Pays des morts
33%
Autres mythes grecs (IV) Fils de Danaé et de Zeus. Une prophétie annonce qu'il tuera son grand-père. Ce dernier enfermera Danaé dans un cachot. Persée
33%
Autres mythes grecs (V) Titan ami des mortels, principalement connu pour avoir défié les dieux en leur volant le feu dans la tige d'une férule pour le donner aux hommes avant d'être puni par Zeus pour cette raison. Prométhée
33%
Héros de la Guerre de Troie au cours de laquelle il réussit à tuer le roi de Troie. Son nom a été repris par le roi d’Épire qui ne remporta la bataille d’Ausculum (-279) qu’au prix de la vie d’un très grand nombre d’hommes (donne l'expression "une victoire à la ..."). Pyrrhus
33%
4. Il parvient à faire tomber le monstre dans un piège, trou profond recouvert de neige. Sanglier d'Érymanthe
33%
Héros de l'Iliade, crieur de l'armée des Grecs car sa voix avait la puissance de 50 hommes réunis. Stentor
33%
Devin aveugle qui conseille à Ulysse la route à suivre pour rentrer. Tirésias
33%
Pélias le fait venir dans son palais par l’intermédiaire de son cousin Acaste, lui promet le trône pourvu qu'il lui rapporte cet objet provenant d'un bélier, qui se trouve alors en Colchide (Arménie actuelle). Toison d'or
33%
10. Héraclès bâtit deux montagnes avec des rochers qu'il arrache à la terre, il ouvre ainsi le détroit de Gibraltar connu sous le nom de colonnes d'Héraclès. Il vole les animaux de ce monstre à triple corps. Troupeau de boeufs de Géryon
33%
Nom du vieux grand-père qui perd la vie un jour de jeux sportifs lorsque Persée lance avec force un disque et le tue, la prophétie s’est accomplie. Acrisios
0%
10. Roi des Phéaciens, peuple de marins. Alcinoos
0%
La chèvre qui nourrit Zeus caché sur le mont Ida lorsqu'il était enfant. Amalthée
0%
Nourriture d’un goût et d’un parfum délicieux qui était destinée aux divinités de l’Olympe et qui donnait l’immortalité à ceux qui en goûtaient. Ambroisie
0%
Allégorie au début du deuxième livre de La République de Platon. Elle raconte l'histoire de ce personnage, qui trouve un anneau qui lui permet de devenir invisible et l'utilise pour séduire la reine, tuer le roi et s'emparer du pouvoir. Anneau de Gygès
0%
Autres exploits liés à Héraclès Géant invincible fils de Gaia et Poséidon. Héraclès découvrit qu'il tenait sa force invincible du contact qu’il avait avec le sol (attribut de sa mère la terre). Héraclès arrive à le soulever et le maintenir éloigné du sol le temps suffisant pour qu’il puisse l’étouffer. Antée
0%
Nom de sa mère. Anticlée
0%
Il prend l'apparence du fils du roi troyen et décoche une flèche dans le talon du héros, sa seule partie du corps vulnérable. Sans lui, les Grecs ne peuvent espérer s'emparer de Troie. Apollon
0%
Son fils rencontre sa mère alors qu'il chasse, il s'apprête à la tuer, mais Zeus intervient et le change en ours, puis place la mère et le fils dans les étoiles, ils deviennent la Grande Ourse (la première) et Arcturus (son fils), la double étoile de la constellation du Bouvier. Arcas
0%
Du Dieu de la guerre Arès, désigne un groupe de personnes haut placées ou ayant une certaine autorité. Aréopage
0%
Autres mythes grecs (VII) Il aurait tué involontairement, soit son frère Déliadès lors d’un lancer de disque, ou, selon d'autres récits par une flèche dans le dos (il visait un cerf). Bellérophon
0%
Nymphe dont Zeus tombe amoureux. Il prend alors la forme d'Artémis et aborde la nymphe. Héra, furieuse la change en ourse. Callisto
0%
Nom du monstre tué par le héros qui épousera ensuite celle qu'il délivre. Céto
0%
Nom de ce bélier (du grec pour « l'or » et « la touffe de laine », littéralement « laine d'or »). Chrysomallos
0%
Arbre fétiche d'Apollon. Le front des poètes et des vainqueurs aux jeux serait couronné de ses feuilles. Couronne de laurier
0%
Dernier roi de Lydie, célèbre pour son immense fortune. Crésus
0%
Nom du bouclier de Zeus revêtu de la peau de la chèvre. Égide
0%
Courtisan qui admirait la richesse et le pouvoir du roi Denys, souverain de Syracuse. Pour lui montrer la réalité du pouvoir, Denys lui proposa de prendre sa place pendant un banquet. Mais au-dessus de sa tête, le roi fit suspendre une épée tenue seulement par un crin de cheval. En voyant cette épée prête à tomber à tout moment, il comprit que le pouvoir s’accompagne toujours de dangers et d’inquiétudes. Épée de Damoclès
0%
Pêcheur d'Anthédon en Béotie, il est fils de Poséidon. Il est au départ un simple mortel, pêcheur de métier. Selon les histoires incroyables de Paléphatos, il périt en mer. Glaucos
0%
Divinités primordiales et sœurs aînées des Gorgones, qui montrent à Persée le chemin qui menait à la Gorgone précédente. Grées
0%
L'ancien nom du détroit des Dardanelles. Hellespont
0%
Nom de son père. Laërte
0%
Nom de son père. Laïos
0%
Île mythique mentionnée pour la première fois par le philosophe grec Platon qui aurait été engloutie dans la pré-Antiquité. L'Atlantide
0%
Ce sont sept sœurs, filles d'Atlas et de Pléioné. Elles font partie du mythe du personnage précédent. Ce dernier était amoureux de Pléioné mais pas elle, elle s'enfuit avec ses filles et il se lança dans leur poursuite. Les dieux interviennent alors et transforment poursuivant et poursuivies en constellations. Les Pléiades
0%
Peuple de Géants guerriers et cannibales. L'épouse du roi, « haute comme le sommet d'une montagne », suscite une impression d'effroi chez les compagnons d'Ulysse. Lestrygons
0%
Objet qui porte le nom d'un brigand de la mythologie grecque, qui torturait les voyageurs en les attachant sur cet objet où ils devaient tenir exactement. S'ils étaient trop grands, il leur coupait les membres qui dépassaient ; s'ils étaient trop petits, ils les étiraient jusqu'à ce qu'ils atteignent la taille requise. Lit de Procuste
0%
Notre héros est aidé par la fille du roi, magicienne, tombée amoureuse de lui. Médée
0%
Boisson des Dieux. Nectar
0%
Fille du Roi précédent. On a aussi donné son nom à un élément chimique appelé Niobium. Niobé
0%
Roi de Phrygie célèbre pour le nœud de son char, qui fixait solidement le joug au timon. Selon la prophétie, qui parviendrait à dénouer ce nœud deviendrait le maître de l’Asie, exploit qu’accomplit Alexandre le Grand. Noeud Gordien
0%
Chasseur à taille de géant, il était réputé pour sa beauté et sa violence. À la suite d'un violent différend avec son beau-père, il devient aveugle, mais il retrouve la vue en cherchant le soleil. La légende raconte que poursuivi par un scorpion géant envoyé par Apollon, il se réfugie dans la mer mais est tué par Artémis. Zeus le transforma en un amas d'étoiles qui porte son nom (constellation). Orion
0%
Dionysos lui conseilla alors d'aller se laver les mains dans cette rivière. Et depuis, le fleuve est imbibé de paillettes d'or. Dans la réalité, c’est un petit cours d’eau qui coule en Turquie. Pactole
0%
Dionysos, dieu du vin et des vignes, offrit un vœu à ce roi qui avait demandé à avoir le pouvoir de transformer tout ce qu'il trouvait en or. Mais il commença à mourir de faim et de soif, car tout ce qu'il touchait se transformait en or. Roi Midas
0%
Fondateur de la cité de Corinthe, dont il est le roi. Son père est Éole et sa mère Énarété. Pour s'être rebellé contre la volonté des dieux en confiant leurs secrets aux humains (ou d'avoir enchainé Thanatos, la Mort), il fut condamné par Hadès à pousser un énorme rocher jusqu'au sommet d'une montagne dans le royaume des morts. Sisyphe
0%
Roi de Lydie. Il voulut prouver que les divinités n'étaient pas infaillibles et que leur don de prescience n'existait pas. Pour cela il déroba deux célèbres nourritures et boissons pour les faire goûter aux mortels, puis il égorgea l'un des fils de Zeus, Pélops. Celui-ci se vengea en le condamnant, pour l'éternité, à la soif et la faim, alors même qu'eau et nourriture étaient à sa portée (plongé dans l'eau douce jusqu'au cou). Un élément chimique porte son nom. Supplice de Tantale
0%
Aucun quiz correspondant
Distribution des résultats
% des personnes avec chaque résultat
Percentile par nombre de réponses
Votre historique - résultats
Vous n’avez pas pris ce quiz depuis la dernière actualisation